Nutrient Analysis - Statistics

General Stats
  • This quiz has been taken 20 times
  • The average score is 7 of 14
Answer Stats
Hint Answer % Correct
Muriate of Potash 0-0-60
75%
MAP 11-52-0
75%
DAP 18-46-0
75%
UAN 32-0-0
75%
Urea 46-0-0
75%
Anhydrous Ammonia 82-0-0
75%
Ammonium Polysulfide 20-0-0-45
50%
Ammonium Sulfate 21-0-0-24
50%
Elemental Sulfur 0-0-0-90
25%
Sulfate of Potash 0-0-50
25%
Triple Sulfur Phosphate 0-46-0
25%
Ammonium Thiosulfate 12-0-0-26
25%
Potassium Nitrate 13-0-44
25%
Ammonium Nitrate 33-0-0
25%
No matching quizzes found
Score Distribution
Percent of People with Each Score
Percentile by Number Answered
Your Score History
You have not taken this quiz